00302nam a2200121Ia 4500008004100000100002600041245004600067260002300113300000800136650001400144942000700158999001500165190216s9999||||xx |||||||||||||| ||und|| aMohammed Shabbir Khan 0aEssay On The Evolution Of Economic Theory bS Chand & Coc1982 a62p aEconomics cBK c9818d9818